Регионална библиотека "Любен Каравелов" - Русе

Научете детето си как да мисли (Запис номер 33781)

MARC детайли
000 -Лидер
Контролно поле с фиксирана дължина 02581nam a2200445 c 4500
003 - Код на организацията, давaща контролен номер
Контролно поле BLK
005 - Дата и час на последна редакция
Контролно поле 20230802130106.0
008 - Елементи от данни с фиксирана дължина
fixed length control field 180408b bul|||||r ||||||| ||bul||
010 ## - Наследен системен номер
LC control number KNG00036473000
020 ## - Международен стандартен номер на книга ISBN
Международен стандартен номер на книга ISBN 954-474-243-3
040 ## - Източник на каталожния запис
Идентификатор на билиотеката - собственик на записа BLK
041 ## - Код за език
Код за езика на текст/звукозапис или на отделно заглавие Български
Код за езика КДБФ Български
072 #7 - Код за тематичната категория
Код организация bullib
Код за тематична категория Л03
Текст Себепознание. Мисловни техники. Психология. Парапсихология
080 ## - УДК
Текстов определител УДК Мислене. Представа - Абстракция. Подбор. Сравнение. Размисъл. Преценка. Мнение. Умозаключение. Индукция. Дедукция. Евристика. Мислене и говорене. Рефлексия (психол.)
УДК код - определител по УДК 159.955
УДК определител -053.2
УДК - код + определител 159.955-053.2
080 ## - УДК
Текстов определител УДК Развитие на умствените способности. Сугестопедия - Чрез упражнения за усъвършенствуване на движенията, чрез влияние върху физиологията и подсъзнанието, чрез внушение и самовнушение
УДК код - определител по УДК 37.037
УДК определител .018.1
УДК - код + определител 37.037.018.1
100 1# - Редна дума - Автор
Автор Де Боно, Едуард
Авторска отговорност първи автор
R(LIN) 270403
139 ## - Редно поле
Редна дума Де Боно, Едуард
Авторски знак Де - Д 30
245 10 - Сведения за заглавието
Заглавие Научете детето си как да мисли
Подзаглавни данни Ръководство за творческо мислене
Редно поле (дума) Едуард Де Боно; прев. от англ. Верина Чавдарова Петрова.
257 ## - Страна на издаване
Страна на създаване/издаване Малта
260 ## - Област на издателските данни
Място на издаване, разпространение и проч. София
Име на издателя, разпространителя и проч. Кибеа
Година на издаване 2001
Печатница София : Балкан прес
300 ## - Физическа характеристика
Страници 376 с.
Илюстрации и др. със сх.
Размери/Мащаб 20 см
380 ## - Жанр
Жанр Философия
490 ## - СЕРИИ (Колекции)
Име на серия Серия Познай себе си
500 ## - Общи забележки
Забележка Ориг. загл. Teach Your Child How to Think / Edward de Bono. - Офс. изд. - Съдържа и Клубове по мислене ; За автора ; За книгата.
650 #4 - Допълнително описание по предмет – тема
Основно описание – тема или топоним Мислене - у децата
9 (RLIN) 246502
650 #4 - Допълнително описание по предмет – тема
Основно описание – тема или топоним Деца - интелектуални способности
9 (RLIN) 273241
650 #4 - Допълнително описание по предмет – тема
Основно описание – тема или топоним Възпитание в семейството
9 (RLIN) 242361
653 ## - Ключова дума – ненормативна
Ключова дума деца
653 ## - Ключова дума – ненормативна
Ключова дума творческо мислене
653 ## - Ключова дума – ненормативна
Ключова дума семейно възпитание
659 ## - Тематичен бюлетин
Тематичен бюлетин Л
700 1# - Други автори (авторска отговорност)
Лично име Петрова, Верина Чавдарова
Автороска отговорност (Описва отношението между автора и произведението) прев. от англ.
9 (RLIN) 268532
852 ## - Местоположение
Форматна сигнатура Цб 203358
856 4# - Електронен адрес и достъп
Електронен формат pdf - файл
856 4# - Електронен адрес и достъп
Електронен формат pdf - файл
942 ## - АРТИКУЛИ
Вид на библиотечния материал Книги
Скрит в OPAC Не
Koha issues (borrowed), all copies 8
944 ## - СЪЗДАВАНЕ И РЕДАКЦИЯ на ЗАПИСА
Създаване/Редакция Създаване
Дата на регистрацията/редакция 15.01.2003
Служител, извършил регистрацията/редакцията 30530
Статус, дата на статуса Минев Младен
944 ## - СЪЗДАВАНЕ И РЕДАКЦИЯ на ЗАПИСА
Създаване/Редакция Редакция
Дата на регистрацията/редакция 15.11.2011
999 ## - СИСТЕМНИ КОНТРОЛНИ НОМЕРА
Koha biblionumber 33781
Koha biblioitemnumber 33781
999 ## - СИСТЕМНИ КОНТРОЛНИ НОМЕРА
Koha biblioitemnumber 33781
Наличности
Код за отписване Код за изгубен артикул Източник на класификационната схема Код за повреда Коз за рестрикции Код за отдаване Артикулен № Име на библиотеката - собственик Име на библиотеката, в която се намира в момента Статус (Текущо местоположение) Дата на вписване в системата Местоположение - отдел Цена в лева Инвентарен номер Систематично азбучна сигнатура Баркод Номер на екземпляра Цена в евро Служебна бележка Служебен тип на артикула
  Не е изгубен Universal Decimal Classification Не е повреден без рестрикции заемане за дома 53751 Регионална библиотека "Любен Каравелов" Русе Регионална библиотека "Любен Каравелов" Русе Заемна - подръчен фонд 2001-01-01 Заемна - подръчен фонд 7.00 664157 159.95/Д 30 Е 120000664157 1 3.58 Дост: Pk Вид: Ф N: стар фонд Дата: 01.01.2001 Дата инв: 01.02.2018 Бележки инв: П2018 Книги
  Не е изгубен   Не е повреден без рестрикции ползва се в читалня 53752 Регионална библиотека "Любен Каравелов" Русе Регионална библиотека "Любен Каравелов" Русе Хранилище 2002-04-29 Хранилище 0.01 120000669749 Цб 203358 120000669749 2 0.01 Дост: Dp Вид: Д N: 48 Дата: 21.11.2001 Книги
Изтеглен Не е изгубен   Не е повреден без рестрикции заемане за дома 53753 Регионална библиотека "Любен Каравелов" Русе Регионална библиотека "Любен Каравелов" Русе Заемна - подръчен фонд 2004-05-28 Заемна - подръчен фонд 8.00 120000685710 П 159.9/Д 30 120000685710 3 4.09 Дост: Pk Вид: Ф N: 22055 Дата: 26.05.2004 Дата инв: 01.02.2018 Бележки инв: П2018 Книги
Vip Innovations Ltd, Rousse, Bulgaria 2025